000
00205nam a2200085Ia 4500
008
250605s9999 xx 000 0 und d
041
_a
eng
100
_a
Baljeet Kaur
245
_a
Bajaj Allianz General Insurance
999
_c
44213
_d
44213